000 01415nam a2200361 a 4500
001 ebr10670842
003 CaPaEBR
006 m u
007 cr cn|||||||||
008 100503s2011 nyua sb 001 0 eng d
010 _z 2010016084
020 _z9781616683610 (hardcover)
020 _z1616683619 (hardcover)
020 _z9781614703266 (e-book)
040 _aCaPaEBR
_cCaPaEBR
035 _a(OCoLC)759114806
050 1 4 _aTP245.H9
_bB67 2011eb
082 0 4 _a665.8/1
_222
245 0 0 _aBoron hydrides, high potential hydrogen storage materials
_h[electronic resource] /
_cUmit B. Demirci and Philippe Miele, editors.
260 _aNew York :
_bNova Science Publishers,
_cc2011.
300 _axi, 262 p. :
_bill.
490 1 _aChemistry research and applications
504 _aIncludes bibliographical references and index.
533 _aElectronic reproduction.
_bPalo Alto, Calif. :
_cebrary,
_d2013.
_nAvailable via World Wide Web.
_nAccess may be limited to ebrary affiliated libraries.
650 0 _aHydrogen
_xStorage
_xMaterials.
650 0 _aBoranes.
655 7 _aElectronic books.
_2local
700 1 _aDemirci, Umit B.
700 1 _aMiele, Philippe.
710 2 _aebrary, Inc.
830 0 _aChemistry research and applications series.
856 4 0 _uhttp://site.ebrary.com/lib/rucke/Doc?id=10670842
_zAn electronic book accessible through the World Wide Web; click to view
999 _c61851
_d61851